| 000 | 00776nam a2200241 a 4500 | ||
|---|---|---|---|
| 001 | 23058 | ||
| 003 | CO-ViMGA | ||
| 008 | 141112s2004 ck r 000 u spa d | ||
| 020 | _a9701506715 | ||
| 040 |
_aCO-ViMGA _bspa _cCO-ViMGA |
||
| 082 | 0 | 4 | _a523.01 Q845e |
| 100 | 1 |
_aQuintana G, Hernàn _933171 |
|
| 245 | 1 | 0 | _aEspacio, tiempo y universo |
| 250 | _a2da Ed. | ||
| 260 |
_aMéxico : _bAlfaomega |
||
| 300 | _a371p. | ||
| 505 | _aIntroduccion, Eventos, El modelo aristotelico, El modelo galileano, Problemas del modelo galileano, La geometria del espacio - tiempo, La relatividad especial, El espacio | ||
| 650 | 1 | 4 | _aASTROLOGIA |
| 650 | 1 | 4 |
_aCOSMOGONIA _915874 |
| 650 | 1 | 4 |
_aGEOMETRIA DEL ESPACIO _933172 |
| 650 | 1 | 4 |
_aRELATIVIDAD (FISICA) _97241 |
| 942 |
_2ddc _cBK |
||
| 999 |
_c31339 _d31339 |
||